Central Library OPAC University of Rajshahi

The rule of law in a free society : (Record no. 46262)

MARC details
000 -LEADER
fixed length control field 00962nam a2200241 a 4500
001 - CONTROL NUMBER
control field 46262
003 - CONTROL NUMBER IDENTIFIER
rucl marc code BD-RjUL
005 - DATE AND TIME OF LATEST TRANSACTION
control field 20211209054128.0
008 - FIXED-LENGTH DATA ELEMENTS--GENERAL INFORMATION
fixed length control field 1608 s1959 sz 100 0 eng
035 ## - SYSTEM CONTROL NUMBER
System control number (BD-RjUL)46380
040 ## - CATALOGING SOURCE
Original cataloging agency DLC
Transcribing agency FUB
Modifying agency BD-RjUL
Language of cataloging eng
041 ## - LANGUAGE CODE
Language code of text/sound track or separate title eng
082 ## - DEWEY DECIMAL CLASSIFICATION NUMBER
Classification number 323.4
Edition number 23
Author mark and year RUL 1959
111 2# - MAIN ENTRY--MEETING NAME
Meeting name or jurisdiction name as entry element International Congress of Jurists
Date of meeting (1959 :
Location of meeting New Dehli, India)
9 (RLIN) 184792
245 14 - TITLE STATEMENT
Title The rule of law in a free society :
Remainder of title a report on the International Congress of Jurists, New Delhi, India, January 5-10, 1959 /
Statement of responsibility, etc. prepared by Norman S. Marsh ; with a foreword by Jean-Flavien Lalive.
260 ## - PUBLICATION, DISTRIBUTION, ETC. (IMPRINT)
Place of publication, distribution, etc. Geneva :
Name of publisher, distributor, etc. International Commission of Jurists,
Date of publication, distribution, etc. 1959.
300 ## - PHYSICAL DESCRIPTION
Pagination xi, 340 p. ;
Size 24 cm.
500 ## - GENERAL NOTE
General note At head of title: International Commission of Jurists.
650 #0 - SUBJECT ADDED ENTRY--TOPICAL TERM
Topical term or geographic name as entry element Rule of law
General subdivision Congresses.
9 (RLIN) 141293
700 1# - ADDED ENTRY--PERSONAL NAME
Personal name Marsh, Norman S.
710 2# - ADDED ENTRY--CORPORATE NAME
Corporate name or jurisdiction name as entry element International Commission of Jurists (1952- )
9 (RLIN) 141295
942 ## - ADDED ENTRY ELEMENTS (KOHA)
Source of classification or shelving scheme Dewey Decimal Classification
Koha item type Books
Holdings
Lost status Source of classification or shelving scheme Damaged status Not for loan Collection code Permanent Location Current Location Shelving location Date acquired Source of acquisition Cost, normal purchase price Total Checkouts Full call number Date last seen Copy number Koha item type
  Dewey Decimal Classification     Non-fiction Central Library, University of Rajshahi Central Library, University of Rajshahi   08/07/1970 Zeetlinger 20.00   323.4 RUL 1959 01/08/2016 C-2 Books
  Dewey Decimal Classification     Non-fiction Central Library, University of Rajshahi Central Library, University of Rajshahi   08/07/1970 Swets & zeitlinger 20.00   323.4 RUL 1959 26/12/2016 C-3 Books
  Dewey Decimal Classification   Not For Loan Non-fiction Central Library, University of Rajshahi Central Library, University of Rajshahi Reading Room 08/07/1970 sweit & zeitlinger 20.00   323.4 RUL 1959 22/01/2017 C-1 Books